Manchester United : 11 du XXIème siècle - Statistiques

Statistiques générales
  • Ce quiz a été pris 896 fois
  • Le résultat moyen est 13 sur 16
Statistiques - réponses
Poste Nationalité Années au club Joueurs % Correct
Ailier Gauche Portugais 2003-2008/2021-2023 Cristiano Ronaldo
98%
Milieu Central Portugais 2020- Bruno Fernandes
93%
Défenseur Gauche Français 2006-2014 Patrice Evra
93%
Gardien Néérlandais 2005-2011 Edwin Van der Sar
92%
Second Attaquant Anglais 2004-2017 Wayne Rooney
92%
Défenseur Central Serbe 2006-2014 Nemanja Vidic
90%
Remplaçant (Gardien) Espagnol 2011-2023 David De Gea
89%
Entraîneur Ecossais 1986-2013 Alex Ferguson
87%
Défenseur Central Anglais 2002-2014 Rio Ferdinand
86%
Milieu Central Gallois 1991-2014 Ryan Giggs
85%
Milieu Central Anglais 1994-2013 Paul Scholes
77%
Remplaçant (Attaquant) Anglais 2016-2025 Marcus Rashford
75%
Remplaçant (Milieu) Irlandais 1993-2005 Roy Keane
70%
Buteur Néérlandais 2001-2006 Ruud Van Nistelrooy
69%
Défenseur Droit Anglais 1992-2011 Gary Neville
61%
Remplaçant (Défenseur) Anglais 2014- Luke Shaw
59%
Aucun quiz correspondant
Distribution des résultats
% des personnes avec chaque résultat
Percentile par nombre de réponses
Votre historique - résultats
Vous n’avez pas pris ce quiz